00579pab a2200133 454500008004000000100002600040245003800066260000900104300001600113362001100129520025300140650001800393773003400411180718b2003 xxu||||| |||| 00| 0 eng d aBalakrishnan, Pulapre aGlobalisation, growth and justice c2003 ap.3166-172. a26 Jul aThis essay critically evaluates the exhortation to developing economies that they embrace globalisation, considers the consequences of globalisation for equality and discusses the issue of justice in the current global economic order. - Reproduced. aGlobalization aEconomic and Political Weekly